Quality assurance in analytical chemistry : (Record no. 21497)
[ view plain ]
| 000 -LEADER | |
|---|---|
| fixed length control field | 01343cam a22003255a 4500 |
| 001 - CONTROL NUMBER | |
| control field | 13555274 |
| 005 - DATE AND TIME OF LATEST TRANSACTION | |
| control field | 20240818093010.0 |
| 006 - FIXED-LENGTH DATA ELEMENTS--ADDITIONAL MATERIAL CHARACTERISTICS--GENERAL INFORMATION | |
| fixed length control field | a||||f ||z 00| 0 |
| 008 - FIXED-LENGTH DATA ELEMENTS--GENERAL INFORMATION | |
| fixed length control field | 040412t2004 gw a frb 001 0 eng d |
| 020 ## - INTERNATIONAL STANDARD BOOK NUMBER | |
| International Standard Book Number | 354040578X |
| 020 ## - INTERNATIONAL STANDARD BOOK NUMBER | |
| International Standard Book Number | 9783540405788 |
| 040 ## - CATALOGING SOURCE | |
| Original cataloging agency | OHX |
| Transcribing agency | OHX |
| Modifying agency | OCLCQ |
| -- | BGU |
| -- | ONU |
| -- | DLC |
| -- | EG-ScBUE |
| Language of cataloging | eng |
| 082 04 - DEWEY DECIMAL CLASSIFICATION NUMBER | |
| Classification number | 543 |
| Edition number | 22 |
| Item number | QUA |
| 245 00 - TITLE STATEMENT | |
| Title | Quality assurance in analytical chemistry : |
| Remainder of title | training and teaching / |
| Statement of responsibility, etc | [editors] Bernd W. Wenclawiak, Michael Koch, Evsovios Hadjicostas. |
| 260 ## - | |
| -- | Berlin : |
| -- | Springer, |
| -- | c.2004. |
| 300 ## - PHYSICAL DESCRIPTION | |
| Extent | xvi, 280 p. : |
| Other physical details | ill. ; |
| Dimensions | 24 cm. + |
| Accompanying material | 1 CD-ROM (4 3/4 in.) |
| 336 ## - CONTENT TYPE | |
| Source | rdacontent |
| Content type term | text |
| Content type code | txt |
| 337 ## - MEDIA TYPE | |
| Media type term | unmediated |
| Source | rdamedia |
| Media type code | n |
| 338 ## - CARRIER TYPE | |
| Carrier type term | volume |
| Carrier type code | nc |
| Source | rdacarrier |
| 500 ## - GENERAL NOTE | |
| General note | Index : p. 277-280. |
| 504 ## - BIBLIOGRAPHY, ETC. NOTE | |
| Bibliography, etc | Includes bibliographical references. |
| 538 ## - SYSTEM DETAILS NOTE | |
| System details note | System requirements for accompanying computer disc: IBM PC or compatible with a 486 or higher processor; Microsoft Windows 95, 98, NT, 2000, or XP. |
| 650 #7 - SUBJECT ADDED ENTRY--TOPICAL TERM | |
| Topical term or geographic name as entry element | Chemistry, Analytic |
| General subdivision | Quality control |
| -- | Study and teaching (Higher) |
| -- | Audio-visual aids. |
| Source of heading or term | BUEsh |
| 9 (RLIN) | 39295 |
| 651 ## - SUBJECT ADDED ENTRY--GEOGRAPHIC NAME | |
| Source of heading or term | BUEsh |
| 653 ## - INDEX TERM--UNCONTROLLED | |
| Resource For college | Pharmacy |
| Arrived date list | March2016 |
| 700 1# - ADDED ENTRY--PERSONAL NAME | |
| Personal name | Wenclawiak, Bernd, |
| 9 (RLIN) | 39284 |
| Relator term | editor. |
| 700 1# - ADDED ENTRY--PERSONAL NAME | |
| Personal name | Koch, Michael, |
| Titles and other words associated with a name | Dr.-Ing. |
| Relator term | editor. |
| 700 1# - ADDED ENTRY--PERSONAL NAME | |
| Personal name | Hadjicostas, Evsovios. |
| 9 (RLIN) | 39292 |
| Relator term | editor. |
| 942 ## - ADDED ENTRY ELEMENTS (KOHA) | |
| Source of classification or shelving scheme | Dewey Decimal Classification |
| Classification part | RDA-MOD |
| Withdrawn status | Lost status | Source of classification or shelving scheme | Damaged status | Not for loan | Collection code | Home library | Current library | Shelving location | Date acquired | Source of acquisition | Cost, normal purchase price | Serial Enumeration / chronology | Total Checkouts | Total Renewals | Full call number | Barcode | Checked out | Date last seen | Date checked out | Price effective from | Koha item type |
|---|---|---|---|---|---|---|---|---|---|---|---|---|---|---|---|---|---|---|---|---|---|
| Dewey Decimal Classification | Scientific home BookShop | Central Library | Central Library | First floor | 23/03/2016 | Purchase | 720.00 | 1 | 1 | 40 | 543 QUA | 000032176 | 07/06/2025 | 16/10/2016 | 16/10/2016 | 23/03/2016 | Book - Borrowing | ||||
| Dewey Decimal Classification | Scientific home BookShop | Central Library | Central Library | First floor | 23/03/2016 | Purchase | 720.00 | 1 | 543 QUA | 000032177 | 24/08/2022 | 23/03/2016 | CD | DVD - With book |